000 00937nas a2200325 4500
001 BR2013003249
003 BR-BrBNA
005 20231205122237.0
007 ta
008 230509b bl.|||p| |||| 00| 00por d
040 _aBR-BrBNA
_bpor
_cBiblioteca Nacional de Agricultura
041 _a(Pt)
072 _aL73
100 1 _aCarletti, R.T.
100 1 _aFreire, R.L.
100 1 _aShimada, M.T.
100 1 _aRuffolo, B.B.
100 1 _aBegale, L.P.
100 1 _aLopes, F.M.R.
100 1 _aNavarro, I.T.
245 1 _aPrevalência da infecção por Toxoplasma gondii em suínos abatidos
650 _aSUÍNO
650 _aTOXOPLASMOSE
650 _aPROTOZOÁRIO
650 _aZOONOSE
650 _aHIGIENE VETERINÁRIA
773 0 _tSemina. Ciências Agrárias (Brazil)
_xISSN 1676-546X
_g(Oct-Dec 2005), v. 26(4) p. 563-568
_wBR2013003249
909 _a202311
_bLúcia
_c55
_dLúcia Elande
942 _2AGRIS
_n0
_cANA
999 _c227653
_d227653